Orange Super Smash Bros. Characters - Statistics

General Stats
  • This quiz has been taken 135 times
  • The average score is 3 of 5
Answer Stats
Orange Parts Answer % Correct
Hair, Ink Inkling
93%
Dress, Hair, Shoes Daisy
91%
Suit Samus
66%
Skin Charizard
47%
Shorts, Undershirt, Hat Min Min
32%
No matching quizzes found
Score Distribution
Percent of People with Each Score
Percentile by Number Answered
Your Score History
You have not taken this quiz